00681nam a2200181 a 450000100100000000500170001000800410002704000250006808200240009310000210011724500610013826000670019930000210026650000730028750000530036065000550041365000310046800001718920200929165037.0100319s1955 dr r 000 0 spa d aDO-SdBNPbspacBNPHU a338.40097293bC794e1 aCordero, Armando10aEstudio del seguro social dominicano /cArmando Cordero. aCiudad Trujillo, República Dominicana :bArte y Cine,c1955. a195 p. ;c22 cm. aIncluye referencias bibliográficas y notas al pie de las páginas aIncluye bibliografía al final de los capitulos 4aSeguridad socialzRepública DominicanaxHistoria 4aSeguridad socialxHistoria